Understanding second language learning difficulties (Record no. 1385410)

MARC details
000 -LEADER
fixed length control field 00655nam a2200217Ia 4500
005 - DATE AND TIME OF LATEST TRANSACTION
control field 20250508163819.0
008 - FIXED-LENGTH DATA ELEMENTS--GENERAL INFORMATION
fixed length control field 008 250505s9999 xx 000 0 eng d
020 ## - INTERNATIONAL STANDARD BOOK NUMBER
International Standard Book Number 0-7619-0191-4
037 ## - SOURCE OF ACQUISITION
Stock number Reference
040 ## - CATALOGING SOURCE
Original cataloging agency FEDL
Language of cataloging eng
Transcribing agency FEDL
041 ## - LANGUAGE CODE
Language code of text/sound track or separate title eng
Source of code eng
084 ## - COLON CLASSIFICATION NUMBER
Classification number 418, EHR
Assigning agency FEDL
100 ## - MAIN ENTRY--PERSONAL NAME
Personal name Ehrman Madeline E
9 (RLIN) 776426
245 #0 - TITLE STATEMENT
Title Understanding second language learning difficulties
260 ## - PUBLICATION, DISTRIBUTION, ETC.
Place of publication, distribution, etc. Thousand Oaks, USA
Name of publisher, distributor, etc. Sage Publications
Date of publication, distribution, etc. 1996
300 ## - PHYSICAL DESCRIPTION
Extent xvii,346p
365 ## - TRADE PRICE
Price type code USD
Price amount 36
650 ## - SUBJECT ADDED ENTRY--TOPICAL TERM
Topical term or geographic name entry element Second language acquisition; Learning disabilities
9 (RLIN) 776427
942 ## - ADDED ENTRY ELEMENTS (KOHA)
Koha item type Reference
Classification part 418, EHR
Holdings
Withdrawn status Lost status Damaged status Not for loan Home library Current library Date acquired Cost, normal purchase price Total Checkouts Full call number Barcode Date last seen Price effective from Koha item type
        Department of Education Library Department of Education Library 2025-05-08 36.00   418, EHR EL0078976 2025-05-08 2025-05-08 Reference
Copyright @ Delhi University Library System